000 01079nam a2200289 c 4500
999 _c188511
_d188511
003 BLK
005 20221212141320.0
008 180411b bul|||||r ||||||| ||bul||
010 _aKNG00197529000
040 _aBLK
041 _aBUL
_cBUL
080 _aБългарска литература
_b821.163.2
_x-32
_z821.163.2-32
100 1 _aХаджиев, Йордан Тодоров
_eпърви автор
_9382113
139 _aХаджиев, Йордан Тодоров
_bХ 15
245 1 0 _aНебето на дядо
_bРазкази за юноши
_cЙордан Тодоров Хаджиев; худож. Любомир Борисов Янев.
257 _aBGR
260 _aСофия
_bОтечество
_c1981
300 _a107 с.
_bс ил.
_c20 см
380 _aX
500 _a8 115 тир.
700 1 _aЯнев, Любомир Борисов
_eхудож.
_9326978
852 _aЦб 110370
_bЦб
856 4 _qpdf
_i0.00
_ldisable
856 4 _qpdf
_i0.00
_ldisable
942 _cKNG
_n0
_s1
944 _aCR
_c06.12.2016
_kНаталия_Любомирова
944 _aED
_c06.12.2016
_kНаталия_Любомирова
944 _aED
_c2022-12-12
_kВП
999 _d188511